000 00278nam a22001217a 4500
008 170213b xxu||||| |||| 00| 0 eng d
041 _aeng
080 _a61
100 _a4
101 _aSHM
245 _aCLINICAL REVIEWS PRIMARY CARE UPDATE 2004
_cDAN ECHOLS
942 _2udc
_cBK
999 _c5236
_d5236